Entry Personal Name
Number of records used in: 1
001 - CONTROL NUMBER
003 - CONTROL NUMBER IDENTIFIER
005 - DATE AND TIME OF LATEST TRANSACTION
- control field:
20230826155246.0
008 - FIXED-LENGTH DATA ELEMENTS
- fixed length control field:
820614n| azannaabn |n aaa
010 ## - LIBRARY OF CONGRESS CONTROL NUMBER
- LC control number:
n 82081400
035 ## - SYSTEM CONTROL NUMBER
- System control number:
(OCoLC)oca00778098
040 ## - CATALOGING SOURCE
- Original cataloging agency:
DLC
- Language of cataloging:
eng
- Description conventions:
rda
- Transcribing agency:
DLC
- Modifying agency:
NcU
046 ## - SPECIAL CODED DATES
- Birth date:
1936-05-20
- Source of date scheme:
edtf
100 1# - HEADING--PERSONAL NAME
- Personal name:
Tabachnick, Barbara G.,
- Dates associated with a name:
1936-
374 ## - OCCUPATION
- Occupation:
University and college faculty members
- Source of term:
lcdgt
377 ## - ASSOCIATED LANGUAGE
670 ## - SOURCE DATA FOUND
- Source citation:
Using multivariate statistics, c1983:
- Information found:
CIP t.p. (Barbara G. Tabachnick; Calif. State Univ., Northridge) data sh. (b. 5/20/36)
670 ## - SOURCE DATA FOUND
- Source citation:
Using multivariate statistics, 2020:
- Information found:
title page (Barbara G. Tabachnick California State University, Northridge)